000 00515nam a2200181Ia 4500
001 48967
008 140430s9999 xx 000 0 und d
020 _a9781412997225
040 _cPK-LaUMT
082 _a 658.408
_bSAG-
110 _aSage Publications, Inc
245 _aSage brief guide to corporate social responsibility
_cSage Publications, Inc
260 _aNew Delhi,India:
_bSterling Publishers,
_c2012
300 _a273 p.
546 _aEN
650 _aSocial responsibility of business
942 _cBK
999 _c46744
_d46744